Países de la OTAN - Estadísticas

Estadísticas generales
  • Esta prueba ha sido intentada 13.754 veces
    5.704 desde el último reinicio
  • La puntuación promedio es 27 de 32
Estadísticas de respuestas
Año País % Correcto
1982 España
98%
1949 Francia
97%
1955 Alemania
96%
1949 Estados Unidos
95%
1949 Italia
94%
1949 Reino Unido
94%
2024 Suecia
94%
2023 Finlandia
92%
1949 Noruega
92%
1949 Portugal
92%
1999 Polonia
90%
1949 Bélgica
89%
1949 Países Bajos
89%
1949 Canadá
87%
1952 Grecia
87%
1949 Dinamarca
86%
2004 Estonia
85%
2004 Letonia
85%
2004 Lituania
85%
2009 Croacia
84%
2004 Eslovenia
82%
1999 Hungría
82%
2004 Eslovaquia
81%
2004 Rumania
81%
2004 Bulgaria
79%
1999 República Checa
79%
2009 Albania
77%
1949 Luxemburgo
76%
1949 Islandia
75%
1952 Turquía
74%
2020 Macedonia del Norte
67%
2017 Montenegro
66%
No se encontraron pruebas coincidentes
Distribución de puntuación
Porcentaje de gente con cada puntuación
Porcentaje por número respondido
Historial de tus puntuaciones
No has intentado esta prueba desde el último reinicio